| 000 | 00546cam a2200181 4500 | ||
|---|---|---|---|
| 001 | J100266 | ||
| 008 | 000000n1999 000 0 eng u | ||
| 035 | _a(Sirsi) u100266 | ||
| 041 | _aENG | ||
| 050 | _a333.337 | ||
| 110 |
_aRichard Ellis St. Quintin _93738 |
||
| 245 | _aUK retail bulletin 1999 summer | ||
| 260 |
_aLondon _bRichard Ellis St. Quintin _c1999 |
||
| 300 | _a4p. ; 30cm. | ||
| 650 | _aPROPERTY-COMMERCIAL PROPERTY-RETAIL PROPERTY-RETAIL PROPERTY MARKET | ||
| 690 | _aPROPERTY-COMMERCIAL PROPERTY-RETAIL PROPERTY | ||
| 942 | _n0 | ||
| 999 |
_c99666 _d99666 |
||